| 000 | 00925nam a2200241 i 4500 | ||
|---|---|---|---|
| 001 | 190782 | ||
| 003 | ES-MaACL | ||
| 005 | 20250728093922.0 | ||
| 008 | 220706s1993 sp c 001 0bspa | ||
| 020 | _a84-87819-64-8 | ||
| 080 | _a929 Said Armesto, Víctor | ||
| 080 | _a860 Said Armesto, Víctor 1.06 | ||
| 100 | 1 |
_aDíaz-Plaja, Fernando, _d1918-2012 _eaut _944396 |
|
| 245 | 1 | 0 |
_aVida y obra de Víctor Said Armesto / _cFernando Díaz-Plaja |
| 260 |
_a[La Coruña] : _bFundación Pedro Barrié de la Maza, _c[1993] |
||
| 300 |
_a387 páginas : _b1 retrato ; _c24 cm. |
||
| 504 | _aBibliografía: páginas 385-386 | ||
| 600 | 1 | 4 |
_aSaid Armesto, Víctor, _d1871-1914 _9101488 |
| 710 | 2 |
_aFundación Pedro Barrié de la Maza, Conde de Fenosa _eedt _9176439 |
|
| 852 | 4 |
_aES-MaACL _jA-15004 _9197964 _bR.151654 _cDEPO1 _dOlim: N-8004 _hDonación: Editorial |
|
| 942 |
_2udc _cMONOGRAFIA _n0 |
||
| 999 |
_c190782 _d190782 |
||